ბათუმის შოთა რუსთაველის სახელმწიფო უნივერსიტეტის ბიბლიოთეკა

ქართული სამწიგნობრო ენის ფონეტიკა (ბიბ.ჩანაწერი № 43392)

000 -LEADER
fixed length control field 00945nam a2200229Ia 4500
001 - CONTROL NUMBER
control field 10120
003 - CONTROL NUMBER IDENTIFIER
control field GE_BSU
008 - FIXED-LENGTH DATA ELEMENTS--GENERAL INFORMATION
fixed length control field 181216s||||||||xx |||||||||||||| ||und||
020 ## - INTERNATIONAL STANDARD BOOK NUMBER
International Standard Book Number 978994222689
040 ## - CATALOGING SOURCE
Transcribing agency GE_BSU
080 ## - UNIVERSAL DECIMAL CLASSIFICATION NUMBER
Universal Decimal Classification number 811.353.1'34(075.8)
100 ## - MAIN ENTRY--PERSONAL NAME
Personal name ფუტკარაძე,ტარიელ.მიქაუტაძე,მაია
245 ## - TITLE STATEMENT
Title ქართული სამწიგნობრო ენის ფონეტიკა
245 ## - TITLE STATEMENT
Remainder of title Phonetics of the Georgian Literary Language
245 ## - TITLE STATEMENT
Statement of responsibility, etc. რედ.მერაბ ბერიძე.სარედ.საბჭო ნესტან სულავა(რედ.მოადგილე)
260 ## - PUBLICATION, DISTRIBUTION, ETC.
Place of publication, distribution, etc. თბილისი
260 ## - PUBLICATION, DISTRIBUTION, ETC.
Name of publisher, distributor, etc. უნივერსალი
260 ## - PUBLICATION, DISTRIBUTION, ETC.
Date of publication, distribution, etc. 2014
300 ## - PHYSICAL DESCRIPTION
Extent 163გვ.20სმ.
653 ## - INDEX TERM--UNCONTROLLED
Uncontrolled term ქართული სამწიგნობრო ენის ფონეტიკა
942 ## - ADDED ENTRY ELEMENTS (KOHA)
Koha item type წიგნი
ეგზემპლარები
Withdrawn status Lost status Damaged status Not for loan Date acquired Barcode Date last seen Price effective from Koha item type
        2018-12-17 18699 2018-12-17 2018-12-17 წიგნი